Die 200 häufigsten Familiennamen in Deutschland - Statistiken

Allgemein
  • Dieses Quiz wurde 2.994 mal gespielt
  • Das Durchschnittsergebnis liegt bei 72 aus 200
Antwortstatistiken
Platz Antwort % Korrekt
1 Müller
98%
32 Maier
89%
35 Mayer
89%
30 Meier
89%
6 Meyer
89%
26 Schmid
85%
2 Schmidt
82%
23 Schmitt
82%
12 Bauer
68%
8 Becker
68%
4 Fischer
68%
3 Schneider
68%
56 Beck
63%
193 Schultz
62%
9 Schulz
62%
19 Schwarz
61%
15 Klein
58%
44 Weiß
57%
10 Hoffmann
55%
5 Weber
55%
20 Braun
54%
77 Groß
54%
147 Berg
53%
7 Wagner
53%
160 Hein
52%
53 Roth
52%
27 Werner
51%
16 Wolf
51%
108 Wolff
51%
43 Lang
50%
129 Zimmer
50%
39 König
49%
18 Neumann
49%
46 Scholz
49%
114 Hermann
48%
36 Herrmann
48%
21 Hofmann
48%
13 Koch
48%
109 Peter
48%
40 Schulze
48%
22 Zimmermann
48%
14 Richter
46%
17 Schröder
46%
42 Kaiser
45%
75 Stein
45%
51 Vogel
45%
54 Frank
44%
74 Jäger
44%
29 Schmitz
44%
55 Friedrich
43%
38 Walter
43%
145 Walther
43%
183 Kurz
42%
33 Lehmann
42%
116 Paul
42%
11 Schäfer
42%
62 Schuster
42%
58 Berger
41%
133 Jahn
41%
78 Sommer
41%
68 Winter
41%
41 Fuchs
40%
63 Kraus
40%
28 Lange
40%
115 Ott
40%
72 Schumacher
40%
161 Bayer
39%
107 Beyer
39%
24 Hartmann
39%
81 Heinrich
39%
34 Huber
39%
45 Peters
39%
80 Graf
38%
57 Günther
38%
47 Jung
38%
37 Köhler
38%
128 Förster
37%
106 Franz
37%
141 Fritz
37%
25 Krüger
37%
76 Otto
37%
85 Brandt
36%
192 Heinz
36%
126 Kaufmann
36%
50 Keller
36%
31 Krause
36%
166 Maurer
36%
73 Vogt
36%
99 Voigt
36%
154 Frey
35%
149 Kunz
35%
48 Möller
35%
95 Thomas
35%
118 Wilhelm
35%
96 Bergmann
34%
176 Gärtner
34%
71 Krämer
34%
105 Kramer
34%
69 Ludwig
34%
134 Schumann
34%
61 Baumann
33%
164 Herzog
33%
123 Ritter
33%
52 Schubert
33%
103 Ernst
32%
66 Franke
32%
49 Hahn
32%
102 Lindner
32%
70 Martin
32%
83 Schreiber
32%
189 Ullrich
32%
194 Ulrich
32%
197 Breuer
31%
88 Dietrich
31%
158 Gruber
31%
110 Jansen
31%
130 Haase
30%
171 Kunze
30%
177 Bachmann
29%
119 Hansen
29%
67 Albrecht
28%
86 Kuhn
28%
89 Kühn
28%
91 Pohl
28%
182 Steiner
28%
165 Hesse
27%
146 Petersen
27%
98 Pfeiffer
27%
87 Schulte
27%
84 Ziegler
27%
188 Fink
26%
153 Reinhardt
26%
65 Simon
26%
94 Arnold
25%
90 Engel
25%
162 Fröhlich
25%
79 Haas
25%
122 Lenz
25%
167 Rudolph
25%
93 Sauer
25%
173 Stephan
25%
59 Winkler
25%
170 Beckmann
24%
64 Böhm
24%
155 Ebert
24%
200 Göbel
24%
92 Horn
24%
190 Kirchner
24%
136 Thiel
24%
124 Bock
23%
111 Kern
23%
125 Langer
23%
131 Lutz
23%
139 Michel
23%
150 Reuter
23%
101 Seifert
23%
181 Stahl
23%
163 Voß
23%
199 Brinkmann
22%
135 Fiedler
22%
100 Götz
22%
132 Kruse
22%
60 Lorenz
22%
140 Marx
22%
151 Sander
22%
148 Schindler
22%
144 Schütz
22%
180 Adam
21%
156 Böttcher
21%
185 Brunner
21%
120 Nagel
21%
196 Schwab
21%
157 Thiele
21%
142 Arndt
20%
97 Busch
20%
184 Dietz
20%
169 Geiger
20%
121 Grimm
20%
104 Hübner
20%
138 Kraft
20%
152 Schilling
20%
82 Seidel
20%
112 Barth
19%
174 Büttner
19%
168 Nowak
19%
195 Reichert
19%
113 Wenzel
19%
186 Witt
19%
178 Behrens
18%
191 Löffler
18%
127 Mohr
18%
175 Bender
17%
143 Eckert
17%
198 Gerlach
17%
117 Riedel
17%
172 Seitz
17%
187 Moser
16%
159 Schramm
16%
137 Hoppe
14%
179 Scherer
14%
Keine übereinstimmenden Quizze gefunden
Verteilung der Resultate
Anzahl Personen mit jedem Resultat
Perzentil nach korrekt beantworteten Fragen
Ihre Resultats-Entwicklung
Sie haben dieses Quiz noch nicht gespielt